000 00287nam a2200121Ia 4500
008 241002s9999 xx 000 0 und d
082 _a923.1 BEH
100 _aBeha Ud Din
245 4 _aThe life of Salah Ud Din Ayyubi
260 _aRawalpindi:
_c1983
600 _aHistory
942 _cUC
999 _c18358
_d18358